Canada Country Quiz - Statistics

General Stats
  • This quiz has been taken 91 times
    72 since last reset
  • The average score is 13 of 15
Answer Stats
Question Answer % Correct
Which of these is NOT true about Canada Canada is home to the coldest temperature ever recorded
100%
Canada's currency is the... Canadian dollar
100%
Besides English, the most spoken language in Canada is... French
100%
Which of these countries have never claimed land that currently belongs to Canada? Germany
100%
Canada is NOT a part of... Inter-American Defense Board
100%
Which of these people is from Canada? Justin Bieber
100%
Which US state does Canada share a land border with? Michigan
100%
Which of these bodies of water DON'T border Canada? North Sea
100%
Which of these is not a Canadian province? Ottawa
100%
The capital of Quebec is... Quebec City
100%
Canada's largest city is... Toronto
100%
Which of these flags does NOT represent Canada
50%
Canada was NOT involved in which war? Iraq War
50%
Which of these countries is furthest from Canada? Mexico
50%
Canada receives the ___ most tourists each year 18th
0%
No matching quizzes found
Score Distribution
Percent of People with Each Score
Percentile by Number Answered
Your Score History
You have not taken this quiz since the last reset